12 Apostołów Jezusa - Statystyki

Ogólne statystyki
  • Ten quiz został rozwiązany 9 301 razy
    9 116 od ostatniego zresetowania
  • Średni wynik to 8 z 12
Statystyki odpowiedzi
Apostołowie % Poprawnych
Szymon (zwany Piotrem)
92%
Jan (brat Jakuba)
85%
Tadeusz
85%
Judasz
82%
Jakub (syn Zebedeusza)
80%
Jakub (syn Alfeusza)
79%
Mateusz
70%
Szymon
52%
Tomasz
49%
Andrzej
36%
Bartłomiej
31%
Filip
27%
Nie znaleziono quizów pasujących do podanych kryteriów
Rozkład punktacji
Procent ludzi z każdym wynikiem
Percentyl według liczby udzielonych odpowiedzi
Twoja historia wyników
Nie rozwiązałeś tego quizu od ostatniego zresetowania